banner-ar

الاتفاقيات الاوروبية لحماية حقوق الانسان / (Record no. 59872)

MARC details
000 -الفاتح
حقل البيانات ثابتة الطول 01178nam a22002657a 4500
005 - وقت وتاريخ اخر تعامل مع التسجيلة
رقم الضبط 20240530110340.0
008 - عناصر البيانات ثابتة الطول - معلومات عامة
حقل البيانات ثابتة الطول 141110s2010 ua gr 000 0dara d
017 ## - رقم الايداع القانونى
رقم الايداع القانونى 2377/2010
040 ## - مصدر الفهرسة
وكالة الفهرسة الأصلية EG-CaGPL
041 1# - رمز اللغة
رمز لغة النص/ المسارات الصوتية أو العنوان الانفرادي ara
082 04 - رقم تصنيف ديوى العشرى
رقم الطبعة 21
رقم التصنيف 323.14\
رقم المادة م أ
100 0# - المدخل الرئيسى - إسم شخصى
الإسم الشخصى محمد امين الميدانى
الدور مترجم ومقدم
245 12 - بيان العنوان
العنوان الاتفاقيات الاوروبية لحماية حقوق الانسان /
بيان المسئوليه,etc ترجمة وتقديم محمد امين الميدانى ، نزيه كسيبى
246 ## - العنوان الموازى
عنوان صحيح/عنوان مختصر European Conventions for Protection of Humain Rights
260 ## - PUBLICATION, DISTRIBUTION, ETC. (IMPRINT)
تاريخ النشر أو التوزيع 2010
300 ## - الوصف المادى
التعداد 229 ص ؛
أبعاد الوعاء 24 سم
490 ## - بيان السلسلة
عنوان السلسلة سلسلة تعليم حقوق الانسان ؛
رقم المجلد/ التعيين التسلسلي 22
650 04 - المدخل الاضافى بالموضوع-مصطلح موضوعى
مصطلح موضوعي حقوق الانسان
650 04 - المدخل الاضافى بالموضوع-مصطلح موضوعى
مصطلح موضوعي الحقوق السياسية
650 04 - المدخل الاضافى بالموضوع-مصطلح موضوعى
مصطلح موضوعي الحقوق المدنية
650 04 - المدخل الاضافى بالموضوع-مصطلح موضوعى
مصطلح موضوعي الاتفاقيات الاوروبية لحماية حقوق الانسان
700 0# - المدخل الاضافى - اسم شخصى
الإسم الشخصى نزيه كسيبى
الدور مترجم ومقدم
942 ## - عناصر المدخل الإضافي( كوها)
مصدر التصنيف او مخطط الترفيف Dewey Decimal Classification
Koha [default] item type كتاب
260 ## - PUBLICATION, DISTRIBUTION, ETC. (IMPRINT)
-- القاهرة :
-- مركز القاهرة لدراسات حقوق الانسان ،
Holdings
حالة التراجع حالة الفقد حالة تلف ليس للاعارة المكان المؤقت الموقع الحالى تاريخ الاكتساب اجمالي اﻻعارات رقم الطلب الباركود تاريخ اخر مشاهدة تاريخ تفعيل السعر نوع وعاء كوها
        مكتبة القاهرة الكبرى مكتبة القاهرة الكبرى 11/10/2014   323.14\ م أ 158832 11/10/2014 11/10/2014 كتاب

Powered By

EGPV